000 00779nam a22002890a 4500
001 PT43155
003 AR-LpoUNG
005 20210131230946.0
008 191001s2003||||xxk|||||||||||||||||eng d
020 _a0007126409
_c$11.50
040 _aAR-LpoUNG
_bspa
_cAR-LpoUNG
_eaacr
041 _aeng
044 _axxk
082 0 _aR423 293lea
245 1 0 _aCollins COBUILD :
_blearner's dictionary
250 _a2da. ed.
260 _aGlasgow :
_bHarperCollins,
_c2003.
300 _ap. :
_bil.
650 4 _aDICCIONARIOS
650 4 _aLENGUA INGLESA
650 4 _aMATERIAL DE REFERENCIA
651 4 _aDOCUMENTOS TEORICOS O METODOLOGICOS
653 _aDICCIONARIOS DE INGLES
710 2 _aHarperCollins Publishers (firma comercial)
905 _a43155
942 _cLSALA
999 _c7147
_d7147